| 000 | 00889nam a22002651a 4500 | ||
|---|---|---|---|
| 001 | 530 | ||
| 003 | BD-RjUL | ||
| 005 | 20211208233209.0 | ||
| 008 | 820221s1962 xx 001 0 eng | ||
| 035 | _a(BD-RjUL)547 | ||
| 035 | _a(OCoLC)14626113 | ||
| 040 |
_aDLC _cDNLM _dMBtS _dICIU _dUk _dDLC _dBD-RjUL _beng |
||
| 041 | _aeng | ||
| 060 | 0 |
_aZ 682 _bL697p 1962 |
|
| 082 | 0 | 0 |
_219 _a023.7 _bPRO 1962 |
| 110 | 2 |
_aLibrary Association. _bMembership Committee. _9115994 |
|
| 245 | 1 | 0 |
_aProfessional and non-professional duties in libraries : _ba descriptive list / _ccomp. by a sub-committee of the Membership Committee of the Library Association. |
| 260 |
_aLondon : _c1962. _bLibrary Association, |
||
| 300 |
_a77 p. ; _c25 cm. |
||
| 504 | _aIncludes index. | ||
| 650 | 0 |
_aLibrary personnel management. _zGreat Britain. _91635 |
|
| 942 |
_2ddc _cBK |
||
| 999 |
_c530 _d530 |
||